Ai-driven environmental pollution management / Shashi Kant Tiwari, Atul Fegade and Mustafa Kamal, editors. (Record no. 22474)

000 -LEADER
fixed length control field 01638nam a22001937a 4500
020 ## - INTERNATIONAL STANDARD BOOK NUMBER
ISBN 9783031962424
082 ## - DEWEY DECIMAL CLASSIFICATION NUMBER
Classification number 628.5
Item number Ai2881 2025
245 ## - TITLE STATEMENT
Title Ai-driven environmental pollution management / Shashi Kant Tiwari, Atul Fegade and Mustafa Kamal, editors.
260 ## - PUBLICATION, DISTRIBUTION, ETC. (IMPRINT)
Place of publication Cham, Switzerland :
Name of publisher Springer Nature Switzerland AG,
Year of publication 2025.
300 ## - PHYSICAL DESCRIPTION
Number of Pages 1 online resource, xvii, 298 pages :
Other physical details illustrations (some color).
490 ## - SERIES STATEMENT
Series statement Climate Risks and Solutions
500 ## - GENERAL NOTE
General note Includes bibliograpical references and index.
520 ## - SUMMARY, ETC.
Summary, etc This book provides a comprehensive overview of the challenges caused by environmental pollution on a global scale, and delves into the intricate sources of air, water, and noise pollution. It discusses cutting-edge technologies such as IoT-based systems and AI integration for pollution detection and monitoring networks. With a focus on machine learning and deep learning models, the book provides insights into assessing, predicting, and mitigating the impact of pollution. Furthermore, it examines the implementation of AI-driven strategies for pollution control and reduction, alongside considerations for urban planning and sustainable infrastructure development. This indispensable resource navigates the social, policy, and economic implications of employing AI in environmental governance, emphasizing the importance of global cooperation for effective pollution management.
650 ## - SUBJECT ADDED ENTRY--TOPICAL TERM
Topical Term Artificial Intelligence
-- Environmental Management
-- Machine Learning
700 ## - ADDED ENTRY--PERSONAL NAME
Personal name Tiwari, Shashi Kant, editor.
700 ## - ADDED ENTRY--PERSONAL NAME
Personal name Fegade, Atul, editor.
856 ## - ELECTRONIC LOCATION AND ACCESS
Uniform Resource Identifier Kamal, Mustafa, editor.
942 ## - ADDED ENTRY ELEMENTS (KOHA)
Koha item type Electronic Books
Holdings
Source of acquisition Permanent Location Date acquired Collection code Koha item type Lost status Shelving location Withdrawn status Current Location Full call number
DonationCagayan State University - Carig Library2026-04-16E-BooksElectronic Books E-Resource Section Cagayan State University - Carig Library628.5 Ai2881 2025

Cagayan State University University Library, Carig Campus
Tuguegarao City, Cagayan 3500 | www.csucarig.edu.ph

Powered by Koha